Graduate mathematical physics (Record no. 16456)
[ view plain ]
| 000 -LEADER | |
|---|---|
| fixed length control field | 00652nam a2200205Ia 4500 |
| 003 - CONTROL NUMBER IDENTIFIER | |
| control field | IN-BaIIA |
| 008 - FIXED-LENGTH DATA ELEMENTS--GENERAL INFORMATION | |
| fixed length control field | 211028s9999 xx 000 0 eng d |
| 020 ## - INTERNATIONAL STANDARD BOOK NUMBER | |
| International Standard Book Number | 3-527-40637-9 |
| 040 ## - CATALOGING SOURCE | |
| Transcribing agency | IIA Library |
| 080 ## - UNIVERSAL DECIMAL CLASSIFICATION NUMBER | |
| Universal Decimal Classification number | 530.1 |
| Item number | KEL |
| 100 ## - MAIN ENTRY--PERSONAL NAME | |
| Personal name | Kelly, James J. |
| 9 (RLIN) | 30535 |
| 245 #0 - TITLE STATEMENT | |
| Title | Graduate mathematical physics |
| Remainder of title | with MATHEMATICA supplements |
| Statement of responsibility, etc. | James J. Kelly |
| 260 ## - PUBLICATION, DISTRIBUTION, ETC. | |
| Place of publication, distribution, etc. | Weinheim |
| Name of publisher, distributor, etc. | Wiley-VCH Verlag Gmbh |
| Date of publication, distribution, etc. | 2006 |
| 300 ## - PHYSICAL DESCRIPTION | |
| Extent | xvi, 466p. |
| 490 ## - SERIES STATEMENT | |
| Series statement | Physics textbook |
| 650 ## - SUBJECT ADDED ENTRY--TOPICAL TERM | |
| Topical term or geographic name entry element | Analytical functions |
| 9 (RLIN) | 27131 |
| 650 ## - SUBJECT ADDED ENTRY--TOPICAL TERM | |
| Topical term or geographic name entry element | Integral transforms |
| 9 (RLIN) | 3625 |
| 650 ## - SUBJECT ADDED ENTRY--TOPICAL TERM | |
| Topical term or geographic name entry element | Mathematical physics |
| 9 (RLIN) | 1525 |
| 942 ## - ADDED ENTRY ELEMENTS (KOHA) | |
| Koha item type | Books |
| Withdrawn status | Lost status | Damaged status | Not for loan | Home library | Current library | Shelving location | Date acquired | Source of acquisition | Cost, normal purchase price | Total Checkouts | Full call number | Barcode | Date last seen | Cost, replacement price | Price effective from | Koha item type | Purchase Price |
|---|---|---|---|---|---|---|---|---|---|---|---|---|---|---|---|---|---|
| IIA Library-Bangalore | IIA Library-Bangalore | General Stacks | 23/04/2007 | PBD | 3314.25 | 530.1/ KEL | 17378 | 05/11/2021 | 3314.25 | 23/04/2007 | Books | Rs. 3314.25 |